000 00572nam a2200181Ia 4500
008 090123s9999 xx 000 0 und d
082 _b20916
100 _aराऊत अरविंद
245 _aप्रबोधन आणि प्रहार
250 _a1
260 _bचालना
_c1990
300 _a165
600 _aराऊत अरविंद
630 _aप्रबोधन आणि प्रहार
700 _aराऊत अरविंद
730 _aप्रबोधन आणि प्रहार
942 _cBOOK
999 _c58988
_d58988